| 000 | 01056nam a2200313 a 4500 | ||
|---|---|---|---|
| 003 | MX-MxUPN | ||
| 005 | 20240925065500.0 | ||
| 008 | 011031s1997 mx r 000 0 spa d | ||
| 020 | _a8427711891 | ||
| 035 | _aUPN01000113683 | ||
| 040 |
_aUPN _bspa _cUPN |
||
| 049 | _aCG | ||
| 050 | 4 |
_aLC191 _bG4.418 |
|
| 100 | 1 |
_aGeissler, Karlheinz A., _d1944- _947081 |
|
| 100 | 1 |
_aHege, Marianne, _d1931- _946947 |
|
| 245 | 1 | 0 |
_aAcción socioeducativa : _bmodelos, métodos, técnicas |
| 260 |
_aMadrid : _bNarcea, _c1997. |
||
| 300 | _a251 páginas | ||
| 440 | 0 | _asociocultural | |
| 500 | _aEs bibliografía básica de la Licenciatura en Pedagogía. | ||
| 590 | _a(También localizas un ejemplar en el "Area de Reserva") | ||
| 590 | _aBibliografía Básica (BGTQ) | ||
| 610 | 2 | 4 |
_aUniversidad Pedagógica Nacional (México). _bLicenciatura en Pedagogía _950106 |
| 650 | 4 |
_aSociología de la educación _94896 |
|
| 700 | 1 |
_aErdozáin, Ana Isabel, _d1965- _etraducción _946948 |
|
| 902 | _bNoemiAcosta/031022 | ||
| 905 | _aLibro | ||
| 942 |
_2lcc _cLIBRO |
||
| 999 |
_c87591 _d87591 |
||